Qui est cet acteur ? (US) - Statistiques

Statistiques générales
  • Ce quiz a été pris 333 fois
  • Le résultat moyen est 17 sur 32
Statistiques - réponses
Par images Réponse % Correct
Leonardo Di Caprio
97%
Will Smith
95%
Brad Pitt
93%
Tom Hanks
86%
Tom Cruise
85%
Johnny Depp
83%
Margot Robbie
83%
Robert De Niro
78%
Robert Downey Jr
78%
Morgan Freeman
72%
Scarlett Johansson
70%
Denzel Washington
68%
Bruce Willis
62%
Matt Damon
58%
Samuel l Jackson
58%
Clint Eastwood
51%
Al Pacino
46%
Harrison Ford
46%
Mark Ruffalo
43%
Christian Bale
42%
Jake Gyllenhaal
38%
Joaquin Phoenix
36%
Tom Hardy
35%
Anthony Hopkins
33%
Kevin Spacey
29%
Idris Elba
28%
Marlon Brando
26%
Willem Dafoe
26%
Matthew McConaughey
23%
Ralph Fiennes
18%
Madds Mikkelsen
17%
Michael Caine
17%
Aucun quiz correspondant
Distribution des résultats
% des personnes avec chaque résultat
Percentile par nombre de réponses
Votre historique - résultats
Vous n’avez pas pris ce quiz